| 000 | 00428nam a2200133 4500 | ||
|---|---|---|---|
| 999 |
_c9884 _d9884 |
||
| 008 | 180720b ||||| |||| 00| 0 eng d | ||
| 022 | _a2094-8042 | ||
| 082 | _aDPer 370.105 M72 June 2010-Mar 2011 v. 59 n. 1-10 | ||
| 245 | _aWelcome, enjoy the beauty of the Philippines/ | ||
| 260 |
_aPhilippines; _bIn The Grade School, Inc., _cc2010-2011. |
||
| 300 |
_av59 n8, pages 337: _c27cm. |
||
| 650 | 0 |
_929208 _aPoetry. |
|
| 942 |
_2ddc _cPER |
||